| 000 | 00444nam a22001697a 4500 | ||
|---|---|---|---|
| 003 | NUST - PNEC | ||
| 005 | 20170116180904.0 | ||
| 008 | 150902b xxu||||| |||| 00| 0 eng d | ||
| 020 | _a8173194475 | ||
| 040 | _cLIBRARY | ||
| 082 | _a620.106 NAR | ||
| 100 |
_96496 _a Narayana, P. A. Aswatha |
||
| 245 |
_a Engineering fluid mechanics _cP. A. Aswatha, Narayana |
||
| 260 | _cc 2004 | ||
| 650 |
_96497 _aFluid mechanics _xME |
||
| 942 |
_2ddc _cBK |
||
| 999 |
_c65023 _d65023 |
||